000 00539nam a2200217Ia 4500
003 OSt
005 20220928141546.0
006 a|||||r|||| 00| 0
007 ta
008 220927b |||||||| |||| 00| 0 eng d
024 _a15935
037 _cTextual
040 _aSDCL
_cSDCL
_beng
041 _2eng
_aeng
082 _aV1:19:(Z), L5
100 _aMitrany David
_9500880
245 0 _aFunctional theory of politics
260 _c1975
942 _hV1:19:(Z), L5
_cTEXL
_2CC
999 _c818298
_d818298